00605nam a2200193Ia 4500001001000000003000500010008004100015010001100056040000900067082001900076100002000095245006500115260005300180300001300233440001700246500004600263650006300309710003900372Para_7876CHAP220125s1912 xx 000 0 und d a206825 cCHAP aPA-C 595.75 H4 aHartzell, F. Z. aThe grapee Leaf-Hopper and its control /c by F. Z. Hartzell aGeneva, N.Y. :b Agricultural Experiment Station a29-43 p. aHemiptera; 7 aEncuadernado con otros impresos similares ax Hemípteros x colecciones de escritos / x Leafhopper aNew York Agr. Exp. Sta. Bull.; 344